[Event "Gibraltar Open"]
[Site "Caleta ENG"]
[Date "2012.02.01"]
[Round "9.11"]
[White "Sutovsky, Emil"]
[Black "Nabaty, Tamir"]
[Result "1-0"]
[WhiteElo "2703"]
[BlackElo "2563"]
[PlyCount "47"]
[EventDate "2012.01.24"]

1. e4 e5 2. Nf3 Nc6 3. Bb5 a6 4. Ba4 Nf6 5. O-O Bc5 6. c3 O-O 7. d4 Ba7 8. Bg5
h6 9. Bh4 exd4 10. cxd4 d6 11. Bxc6 bxc6 12. Nbd2 Re8 13. Qa4 g5 14. Nxg5 hxg5
15. Bxg5 Re6 16. f4 Qf8 17. f5 Qg7 18. fxe6 Qxg5 19. Qxc6 Rb8 20. exf7+ Kf8 21.
Qxc7 Qe3+ 22. Kh1 Qxd4 23. Rxf6 Qxf6 24. Rf1 1-0

[Event "Gibraltar Open"]
[Site "Caleta ENG"]
[Date "2012.02.02"]
[Round "10.7"]
[White "Erdos, Viktor"]
[Black "Sutovsky, Emil"]
[Result "0-1"]
[WhiteElo "2634"]
[BlackElo "2703"]
[PlyCount "158"]
[EventDate "2012.01.24"]

1. d4 Nf6 2. c4 g6 3. Nf3 Bg7 4. g3 d5 5. cxd5 Nxd5 6. Bg2 Nb6 7. Nc3 Nc6 8. e3
O-O 9. O-O Re8 10. Re1 a5 11. Qe2 e5 12. Nxe5 Nxe5 13. dxe5 Bxe5 14. e4 Be6 15.
f4 Bxc3 16. bxc3 Bd5 17. Qf2 Bc6 18. Ba3 Nc4 19. Rad1 Qf6 20. Bc5 Rad8 21. Rd4
Rxd4 22. cxd4 Qe6 23. g4 b6 24. d5 Bxd5 25. f5 Qe5 26. Bd4 Qe7 27. Rc1 Bxe4 28.
Rxc4 Bxg2 29. fxg6 fxg6 30. Kxg2 Qe4+ 31. Qf3 c5 32. Qxe4 Rxe4 33. Kf3 Rxd4 34.
Rxd4 cxd4 35. Ke4 Kf7 36. Kxd4 Kf6 37. Kc4 Kg5 38. Kb5 Kxg4 39. Kxb6 a4 40. Kb5
a3 41. Kb4 Kh3 42. Kxa3 Kxh2 43. Kb4 g5 44. a4 g4 45. a5 g3 46. a6 g2 47. a7
g1=Q 48. a8=Q Qg4+ 49. Ka5 Qf5+ 50. Kb6 Qe6+ 51. Kc5 Qe3+ 52. Kb5 h5 53. Qd8
Qf4 54. Qe8 Qf5+ 55. Ka6 Qd3+ 56. Ka5 Qc3+ 57. Kb5 h4 58. Qf7 Qd3+ 59. Ka5 Qd2+
60. Ka6 Qe2+ 61. Ka5 Qe5+ 62. Ka6 Qd6+ 63. Kb5 Kg3 64. Qg7+ Kf4 65. Qf7+ Ke3
66. Qh5 Qd7+ 67. Ka5 h3 68. Qg5+ Ke4 69. Qh4+ Kd3 70. Qg3+ Kc2 71. Qg6+ Qd3 72.
Qh5 Qd2+ 73. Ka4 h2 74. Qh7+ Kc1 75. Qh3 Qd4+ 76. Ka3 Qc5+ 77. Kb3 Qd5+ 78. Ka3
h1=Q 79. Qc3+ Kd1 0-1

[Event "Gibraltar Open"]
[Site "Caleta ENG"]
[Date "2012.02.02"]
[Round "10.11"]
[White "Berg, Emanuel"]
[Black "Vachier-Lagrave, Maxime"]
[Result "1-0"]
[WhiteElo "2550"]
[BlackElo "2699"]
[PlyCount "57"]
[EventDate "2012.01.24"]

1. e4 c5 2. Nf3 d6 3. d4 cxd4 4. Nxd4 Nf6 5. Nc3 a6 6. Bg5 e6 7. f4 h6 8. Bh4
Qb6 9. Qd3 Qxb2 10. Rb1 Qa3 11. f5 Be7 12. fxe6 fxe6 13. Be2 O-O 14. O-O Kh8
15. Kh1 Nbd7 16. Nxe6 Ne5 17. Nxf8 Nxd3 18. Ng6+ Kh7 19. Bxd3 Kxg6 (19... Bd8
20. Nd5 b5 21. Nge7 Bxe7 22. Nxe7 Bb7 23. Bxf6 gxf6 24. Rxf6 Qxa2 25. Rbf1 Kg7
26. Rg6+ Kh8 27. e5 {1-0 Bobras,P-Maksimenko,A/Berlin 2012}) 20. e5+ Kh5 21.
exf6 Bxf6 22. Bxf6 gxf6 23. Rb3 Qa5 24. Rxf6 Bd7 25. Ne4 Bg4 26. h3 Rg8 27.
hxg4+ Rxg4 28. Be2 Qe1+ 29. Kh2 1-0

[Event "Moscow Open A 2012"]
[Site "Moscow RUS"]
[Date "2012.02.03"]
[Round "7"]
[White "Inarkiev, E."]
[Black "Kovchan, A."]
[Result "1-0"]
[WhiteElo "2689"]
[BlackElo "2565"]
[PlyCount "47"]
[EventDate "2012.01.28"]

1. e4 c5 2. Nf3 d6 3. d4 cxd4 4. Nxd4 Nf6 5. Nc3 a6 6. Be3 e5 7. Nb3 Be6 8. f3
h5 9. Qd2 Nbd7 10. O-O-O Rc8 11. Kb1 b5 12. g3 Nb6 13. f4 b4 14. Bxb6 Qxb6 15.
Nd5 Bxd5 16. exd5 Ne4 17. Qe2 Nf2 18. fxe5 Nxd1 19. Bh3 Qf2 20. exd6+ Qxe2 21.
d7+ Ke7 22. dxc8=Q Ne3 23. Qc7+ Kf6 24. Qf4+ 1-0

[Event "Moscow Open 2012 A"]
[Site "Moscow RUS"]
[Date "2012.02.04"]
[Round "8.21"]
[White "Bogdanovich, S."]
[Black "Rakhmanov, Ale"]
[Result "0-1"]
[WhiteElo "2513"]
[BlackElo "2593"]
[PlyCount "68"]
[EventDate "2012.01.28"]

1. d4 Nf6 2. c4 g6 3. Nc3 d5 4. Bg5 Ne4 5. Bh4 Nxc3 6. bxc3 dxc4 7. e3 Be6 8.
Rb1 Nd7 9. Qa4 Bg7 10. Rxb7 O-O 11. Qa3 Rb8 12. Bxe7 Rxb7 13. Bxd8 Rb1+ 14. Ke2
Rxd8 15. f3 c5 16. Kf2 cxd4 17. exd4 Nb6 18. g4 Bf8 19. Qa5 Rd5 20. Qxa7 Rd7
21. Qa5 Bd5 22. Ne2 Rb2 23. a4 Rd8 24. Qa7 Bd6 25. a5 Na8 26. Bg2 Nc7 27. f4
Bxg2 28. Kxg2 Rxe2+ 29. Kf3 Rde8 30. d5 Nxd5 31. g5 R8e3+ 32. Kg4 h5+ 33. gxh6
Rg2+ 34. Kh4 Rh3+ 0-1

[Event "Moscow Open A 2012"]
[Site "Moscow RUS"]
[Date "2012.02.05"]
[Round "9"]
[White "Lysyj, I."]
[Black "Kokarev, Dm"]
[Result "1-0"]
[WhiteElo "2633"]
[BlackElo "2618"]
[PlyCount "179"]
[EventDate "2012.01.28"]

1. d4 Nf6 2. c4 g6 3. Nc3 Bg7 4. e4 d6 5. Nf3 O-O 6. h3 Na6 7. Bg5 c5 8. d5 e6
9. Bd3 h6 10. Bf4 Nh5 11. Be3 exd5 12. exd5 Re8 13. O-O f5 14. Re1 Bd7 15. a3
Qf6 16. Nh2 Qh4 17. Nf3 Qf6 18. Nh2 Qh4 19. Qf3 Rf8 20. Bd2 Rae8 21. Rxe8 Rxe8
22. g3 Qd4 23. Re1 Rxe1+ 24. Bxe1 Nc7 25. Qd1 b6 26. Kg2 Qe5 27. b4 Nf6 28. Nf3
Qe7 29. Qc2 Na6 30. Qb1 Be8 31. Bd2 Nd7 32. b5 Nc7 33. Ng1 Ne5 34. Bf1 Bd7 35.
f4 Nf7 36. Bd3 Bf6 37. Nf3 h5 38. Nd1 Kg7 39. Nf2 Nh6 40. a4 Bc8 41. a5 Na8 42.
Qa2 bxa5 43. Bxa5 Nf7 44. Bd2 Nb6 45. Nd1 a6 46. Nc3 axb5 47. Nxb5 Bd7 48. Qa6
Nc8 49. Nc7 Kg8 50. Kf2 Kh7 51. Bc2 Qd8 52. Qb7 Qe7 53. Qb1 Kg8 54. Bd3 Kg7 55.
Kg2 Kg8 56. Nh2 Nh6 57. Nf1 h4 58. gxh4 Bxh4 59. Nh2 Bf6 60. Nf3 Nf7 61. Kg3
Qd8 62. Qb7 Ne7 63. Bc2 Qc8 64. Qb6 Qd8 65. Qa7 Nc8 66. Qb7 Ne7 67. h4 Qc8 68.
Qa7 Qd8 69. Ne6 Nc8 70. Qb7 Qe7 71. Neg5 Nxg5 72. fxg5 Bg7 73. Qc7 Kf7 74. Bf4
Bf8 75. Bd3 Ke8 76. Qb8 Kf7 77. Qb1 Kg8 78. h5 gxh5 79. Nh4 Bg7 80. Nxf5 Bxf5
81. Bxf5 Be5 82. Be6+ Kg7 83. Bxe5+ dxe5 84. Bxc8 Qxg5+ 85. Kf3 Qf4+ 86. Ke2
Qxc4+ 87. Qd3 Qxd3+ 88. Kxd3 Kf6 89. Bh3 Ke7 90. Bg2 1-0

[Event "Moscow Open D 2012"]
[Site "Moscow RUS"]
[Date "2012.02.03"]
[Round "7"]
[White "Matlakov, M."]
[Black "Belous, V."]
[Result "1-0"]
[WhiteElo "2625"]
[BlackElo "2522"]
[PlyCount "79"]
[EventDate "2012.01.28"]

1. d4 d5 2. c4 c6 3. Nf3 Nf6 4. Nc3 e6 5. Bg5 h6 6. Bh4 Nbd7 7. e3 Be7 8. Bd3
O-O 9. O-O b6 10. Qe2 Bb7 11. Rfd1 Ne4 12. Bg3 Nxg3 13. hxg3 Bb4 14. e4 Bxc3
15. bxc3 dxe4 16. Qxe4 Nf6 17. Qe3 Qe7 18. a4 c5 19. d5 Rfe8 20. d6 Qf8 21. Ne5
Red8 22. d7 Qe7 23. a5 Rab8 24. a6 Ba8 25. Qd2 Ne4 26. Bxe4 Bxe4 27. Qf4 Ba8
28. Nxf7 Qxf7 29. Qxb8 Rxb8 30. d8=Q+ Rxd8 31. Rxd8+ Kh7 32. Rxa8 Qd7 33. Rb8
Qd2 34. Rb7 Qxc3 35. Rd1 Qxc4 36. Rxa7 Qa4 37. Rdd7 Kg6 38. g4 Qa1+ 39. Kh2
Qe5+ 40. g3 1-0

[Event "Moscow Open D 2012"]
[Site "Moscow RUS"]
[Date "2012.02.04"]
[Round "8"]
[White "Robson, R."]
[Black "Stukopin, A."]
[Result "1-0"]
[WhiteElo "2596"]
[BlackElo "2460"]
[PlyCount "73"]
[EventDate "2012.01.28"]

1. e4 e5 2. Nf3 Nc6 3. Bb5 a6 4. Ba4 Nf6 5. O-O Be7 6. Re1 b5 7. Bb3 d6 8. c3
O-O 9. h3 Na5 10. Bc2 c5 11. d4 Qc7 12. Nbd2 Bd7 13. Nf1 Nc4 14. b3 Nb6 15. Bg5
Rfe8 16. Ne3 h6 17. Bh4 Nh5 18. Bxe7 Rxe7 19. Nxe5 dxe5 20. d5 Nc8 21. Qxh5 Qa5
22. d6 Nxd6 23. b4 cxb4 24. cxb4 Qd8 25. Rad1 Qb8 26. Bb3 Nc4 27. Qh4 Kf8 28.
Nf5 Bxf5 29. exf5 Qc7 30. Re4 Rc8 31. f6 Re6 32. Bxc4 bxc4 33. Rxc4 Rc6 34.
fxg7+ Kxg7 35. Qg3+ Kf6 36. Rh4 Ke7 37. Rh5 1-0

[Event "ch-POL 2012"]
[Site "Warsaw POL"]
[Date "2012.02.23"]
[Round "6"]
[White "Socko, B."]
[Black "Bartel, Mat"]
[Result "0-1"]
[WhiteElo "2636"]
[BlackElo "2658"]
[PlyCount "78"]
[EventDate "2012.02.18"]

1. e4 e5 2. Nf3 Nc6 3. Bc4 Nf6 4. d3 Be7 5. Nbd2 O-O 6. O-O d6 7. Bb3 Na5 8.
Ba4 c5 9. c3 Rb8 10. d4 b5 11. Bc2 Qc7 12. d5 c4 13. h3 Nb7 14. Re1 Bd7 15. Nf1
Nc5 16. g4 Nfxe4 17. Bxe4 Nxe4 18. Rxe4 f5 19. gxf5 Bxf5 20. Ng3 Qd7 21. Re1
Bxh3 22. Nh2 Rf6 23. Be3 Rbf8 24. a4 Rg6 25. Qh5 bxa4 26. Ra2 Bd8 27. Rea1 Bb6
28. Bxb6 axb6 29. Rxa4 Qf7 30. Qe2 h5 31. Ra8 h4 32. Rxf8+ Qxf8 33. Qf3 hxg3
34. fxg3 Qxf3 35. Nxf3 Rxg3+ 36. Kf2 Rg2+ 37. Ke3 Bg4 38. Ra8+ Kf7 39. Ra7+ Kf6
0-1